Регионална библиотека "Любен Каравелов" - Русе

Русский импрессионизм (Запис номер 209254)

MARC детайли
000 -Лидер
Контролно поле с фиксирана дължина 01351nkm a2200385 c 4500
003 - Код на организацията, давaща контролен номер
Контролно поле BLK
005 - Дата и час на последна редакция
Контролно поле 20200114141350.0
008 - Елементи от данни с фиксирана дължина
fixed length control field 180412b bul rap|r|||| r0| ||bulo|
010 ## - Наследен системен номер
LC control number KNG00102939000
020 ## - Международен стандартен номер на книга ISBN
Международен стандартен номер на книга ISBN 5-93332-008-0
040 ## - Източник на каталожния запис
Идентификатор на билиотеката - собственик на записа BLK
041 ## - Код за език
Код за езика на текст/звукозапис или на отделно заглавие Руски
Код за езика КДБФ Руски
080 ## - УДК
Текстов определител УДК Живопис
УДК код - определител по УДК 75
УДК определител .036.7(470)(084)
УДК - код + определител 75.036.7(470)(084)
139 ## - Редно поле
Редна дума Русский импрессионизм
Авторски знак Русен - Р 95
245 10 - Сведения за заглавието
Заглавие Русский импрессионизм
Подзаглавни данни Живопись из собр. Рус. музея
257 ## - Страна на издаване
Страна на създаване/издаване Русия
260 ## - Област на издателските данни
Име на издателя, разпространителя и проч. Гос. Рус. музей
Година на издаване 2000
Печатница Италия : Graficart-Formia
300 ## - Физическа характеристика
Страници 384 с.
Илюстрации и др. с ил.
Размери/Мащаб 33 см
380 ## - Жанр
Жанр Изкуство
500 ## - Общи забележки
Забележка Офс. изд.
650 #4 - Допълнително описание по предмет – тема
Основно описание – тема или топоним Живопис - Русия - албуми
9 (RLIN) 300096
650 #4 - Допълнително описание по предмет – тема
Основно описание – тема или топоним Импресионизъм - Русия
9 (RLIN) 351835
650 #4 - Допълнително описание по предмет – тема
Основно описание – тема или топоним Изобразително изкуство - Русия
9 (RLIN) 278279
651 #4 - Допълнително описание по предмет - топоним
Географско понятие Русия
9 (RLIN) 179465
653 ## - Ключова дума – ненормативна
Ключова дума живопис
653 ## - Ключова дума – ненормативна
Ключова дума Русия
653 ## - Ключова дума – ненормативна
Ключова дума изобразително изкуство
653 ## - Ключова дума – ненормативна
Ключова дума импресионизъм
653 ## - Ключова дума – ненормативна
Ключова дума албуми
852 ## - Местоположение
Форматна сигнатура Цб Гр А ІІ 4163
Фондова буква Отдел Изкуство - читалня
856 4# - Електронен адрес и достъп
Електронен формат pdf - файл
Път до файла /url/
856 4# - Електронен адрес и достъп
Електронен формат pdf - файл
Път до файла /url/
999 ## - СИСТЕМНИ КОНТРОЛНИ НОМЕРА
Koha biblionumber 209254
Koha biblioitemnumber 209254
942 ## - АРТИКУЛИ
Вид на библиотечния материал Графични издания
Скрит в OPAC Не
Периодичен библиозапис Да
944 ## - СЪЗДАВАНЕ И РЕДАКЦИЯ на ЗАПИСА
Създаване/Редакция Създаване
Дата на регистрацията/редакция 01.01.2000
Служител, извършил регистрацията/редакцията Ирена_Линкова
944 ## - СЪЗДАВАНЕ И РЕДАКЦИЯ на ЗАПИСА
Създаване/Редакция Редакция
Дата на регистрацията/редакция 22.07.2014
999 ## - СИСТЕМНИ КОНТРОЛНИ НОМЕРА
Koha biblioitemnumber 209254
Наличности
Код за отписване Код за изгубен артикул Източник на класификационната схема Код за повреда Коз за рестрикции Код за отдаване Артикулен № Име на библиотеката - собственик Име на библиотеката, в която се намира в момента Статус (Текущо местоположение) Дата на вписване в системата Местоположение - отдел Цена в лева Инвентарен номер Систематично азбучна сигнатура Баркод Номер на екземпляра Цена в евро Служебна бележка Служебен тип на артикула
  Не е изгубен Universal Decimal Classification Не е повреден без рестрикции заемане за дома 360508 Регионална библиотека "Любен Каравелов" Русе Регионална библиотека "Любен Каравелов" Русе Отдел Изкуство - подръчен фонд 2002-09-05 Отдел Изкуство - подръчен фонд 69.00 120000671918 75/Р 95 120000671918 1 35.28 Дост: DA Вид: А N: 31 Дата: 02.09.2002 Дата инв: 03.06.2015 Бележки инв: ГрИ2015 Графични издания
Vip Innovations Ltd, Rousse, Bulgaria 2025